Statistics for Guess the Taylor Swift Song by emoji (Reputation)

Click here to take the quiz!

General Stats

  • This quiz has been taken 138 times
  • The average score is 8 of 10

Answer Stats

HintAnswer% Correct
๐Ÿ‘—Dress
99%
๐Ÿƒ๐Ÿฟโ€โ™‚๏ธ๐Ÿš—Getaway Car
93%
๐Ÿ‘‘โค๏ธKing Of My Heart
92%
๐ŸŽ‰๐Ÿ—“๏ธNew Year's Day
88%
๐Ÿ’ƒ๐Ÿพ๐Ÿ‘๐Ÿพ๐ŸชขDancing With Our Hands Tied
87%
๐Ÿ‘€๐Ÿซต๐Ÿป๐Ÿ™‹๐Ÿพโ€โ™‚๏ธ๐Ÿคท๐ŸผLook What You Made Me Do
82%
๐Ÿซธ๐Ÿฟ๐ŸŽฎEnd Game
75%
๐Ÿšซ๐Ÿซต๐Ÿป๐Ÿ™‹๐Ÿพโ€โ™‚๏ธDon't Blame Me
69%
๐Ÿ’”Delicate
59%
๐Ÿ—ฃ๏ธ๐Ÿคท๐Ÿพโ€โ™€๏ธ๐Ÿ‘๐ŸปCall It What You Want
57%

Score Distribution

Percentile by Number Answered

Percent of People with Each Score

Your Score History

You have not taken this quiz